[Event "Titled Tuesday intern op 17th Sep Early"]
[Site "Chess,com INT"]
[Date "2024.09.17"]
[Round "9"]
[White "Fabris, Alberto"]
[Black "Raicevic, Vladimir"]
[Result "1-0"]
[WhiteElo "2230"]
[BlackElo "2372"]
[PlyCount "87"]
[EventDate "2024.09.17"]
[EventType "swiss (blitz)"]
[EventRounds "11"]
[EventCountry "USA"]
[SourceTitle "EXT 2025"]
[Source "ChessBase"]
[SourceDate "2024.10.14"]
[SourceVersion "1"]
[SourceVersionDate "2024.10.14"]
[SourceQuality "1"]

1. e4 e6 2. d4 d5 3. e5 c5 4. c3 Qb6 5. Nf3 Bd7 6. Be2 Nc6 7. 0-0 Nge7 8. a3 cxd4 9. cxd4 Nf5 10. Be3 Qxb2 11. Nbd2 Ncxd4 12. Rb1 Nxe3 13. fxe3 Nxe2+ 14. Qxe2 Qxa3 15. Rxb7 Bc5 16. Nd4 Qa4 17. N2b3 Bb6 18. Ra1 Qc4 19. Rxb6 0-0 20. Rba6 Bb5 21. Qxc4 dxc4 22. Nxb5 cxb3 23. Nd4 Rfb8 24. Rb1 b2 25. Ra2 a5 26. Raxb2 Rxb2 27. Rxb2 a4 28. Ra2 h5 29. Ne2 Ra5 30. Nc3 Rxe5 31. Kf2 Ra5 32. Rxa4 Rxa4 33. Nxa4 g5 34. Kf3 Kg7 35. Ke4 Kf6 36. Nc5 Ke7 37. g3 Kd6 38. Nb7+ Ke7 39. Na5 Kd6 40. Nc4+ Kc5 41. Ne5 f5+ 42. Kf3 Kd5 43. Nf7 e5 44. Nxg5 1-0

[Event "Titled Tuesday intern op 17th Sep Early"]
[Site "Chess,com INT"]
[Date "2024.09.17"]
[Round "8"]
[White "Raicevic, Vladimir"]
[Black "Markovits, Alex"]
[Result "0-1"]
[WhiteElo "2372"]
[BlackElo "2153"]
[PlyCount "148"]
[EventDate "2024.09.17"]
[EventType "swiss (blitz)"]
[EventRounds "11"]
[EventCountry "USA"]
[SourceTitle "EXT 2025"]
[Source "ChessBase"]
[SourceDate "2024.10.14"]
[SourceVersion "1"]
[SourceVersionDate "2024.10.14"]
[SourceQuality "1"]

1. d4 Nf6 2. c4 e6 3. Nc3 Bb4 4. e3 0-0 5. Nge2 d5 6. a3 Be7 7. Nf4 b6 8. b4 a5 9. b5 dxc4 10. Bxc4 Bb7 11. 0-0 Nbd7 12. Bb2 e5 13. Nfd5 exd4 14. Nxe7+ Qxe7 15. Qxd4 Qc5 16. Rfd1 Qxd4 17. Rxd4 Nc5 18. Rad1 Rfe8 19. Nd5 Nxd5 20. Bxd5 Bxd5 21. Rxd5 Kf8 22. Bd4 Ne6 23. Be5 f6 24. Bg3 Ke7 25. Rd7+ Kf8 26. Bxc7 Nxc7 27. Rxc7 Rad8 28. Rxd8 Rxd8 29. g3 Rd3 30. Rb7 Rxa3 31. Rxb6 Rb3 32. Kf1 Rb2 33. h4 a4 34. h5 a3 35. Ra6 Rxb5 36. h6 gxh6 37. Rxf6+ Kg7 38. Ra6 Rb3 39. g4 Rb4 40. Rxa3 Rxg4 41. Ke2 Rb4 42. Ra6 Rb7 43. Kf3 Re7 44. e4 Rf7+ 45. Kg3 Re7 46. f3 Rb7 47. Kg4 Rf7 48. f4 Re7 49. e5 Rb7 50. Kf5 Rf7+ 51. Ke4 Rb7 52. e6 Kf6 53. f5 h5 54. Ra8 h4 55. Rg8 h3 56. Rg1 h2 57. Rh1 Rb2 58. Kd5 Kxf5 59. e7 Re2 60. Kd6 Kg4 61. Rxh2 Rxe7 62. Kxe7 h5 63. Ke6 h4 64. Ke5 Kg3 65. Rh1 h3 66. Ra1 h2 67. Ke4 Kg2 68. Kf4 h1Q 69. Ra2+ Kg1 70. Ra1+ Kh2 71. Ra2+ Kh3 72. Ra3+ Kh4 73. Ra4 Qd1 74. Rd4 Qxd4+ 0-1

[Event "Titled Tuesday intern op 17th Sep Early"]
[Site "Chess,com INT"]
[Date "2024.09.17"]
[Round "3"]
[White "Suyarov, Mukhammadzokhid"]
[Black "Raicevic, Vladimir"]
[Result "1-0"]
[WhiteElo "2467"]
[BlackElo "2372"]
[PlyCount "81"]
[EventDate "2024.09.17"]
[EventType "swiss (blitz)"]
[EventRounds "11"]
[EventCountry "USA"]
[SourceTitle "EXT 2025"]
[Source "ChessBase"]
[SourceDate "2024.10.14"]
[SourceVersion "1"]
[SourceVersionDate "2024.10.14"]
[SourceQuality "1"]

1. d4 e6 2. e4 d5 3. Nc3 dxe4 4. Nxe4 Nd7 5. Nf3 Ngf6 6. Nxf6+ Nxf6 7. Be3 Be7 8. Bd3 0-0 9. Qe2 b6 10. 0-0-0 Bb7 11. Rhg1 c5 12. dxc5 Qc7 13. g4 Bxc5 14. g5 Nd5 15. Bxc5 Nf4 16. Qe5 Nxd3+ 17. Rxd3 Qxc5 18. Qxc5 bxc5 19. Ne5 Rfd8 20. Rgd1 Rd5 21. c4 Rxd3 22. Rxd3 f6 23. gxf6 gxf6 24. Nd7 Rc8 25. Nxf6+ Kf7 26. Ng4 Bc6 27. Rh3 Kg6 28. Ne5+ Kg7 29. Ra3 Be4 30. Rxa7+ Kf6 31. f4 Bg6 32. Kd2 Kf5 33. Ke3 Rd8 34. Rd7 Ra8 35. Rc7 Rxa2 36. Rxc5 Kf6 37. Rb5 Ra1 38. c5 Rc1 39. c6 Bf5 40. b4 h5 41. Rc5 1-0

[Event "Abu Dhabi Masters Online"]
[Site "Chess.com INT"]
[Date "2024.08.21"]
[Round "2"]
[White "Mohammad, Nubairshah Shaikh"]
[Black "Raicevic, Vladimir"]
[Result "1/2-1/2"]
[WhiteElo "2413"]
[BlackElo "2372"]
[PlyCount "122"]
[EventDate "2024.08.21"]
[EventType "swiss (blitz)"]
[EventRounds "11"]
[EventCountry "UAE"]
[SourceTitle "CBM 221 Extra"]
[Source "ChessBase"]
[SourceDate "2024.09.30"]
[SourceVersion "1"]
[SourceVersionDate "2024.09.30"]
[SourceQuality "1"]

1. d4 d5 2. c4 e6 3. Nc3 Nf6 4. cxd5 Nxd5 5. e4 Nxc3 6. bxc3 c5 7. Nf3 cxd4 8. cxd4 Bb4+ 9. Bd2 Bxd2+ 10. Qxd2 0-0 11. Bc4 Nc6 12. 0-0 b6 13. Rfe1 Bb7 14. Rad1 Rc8 15. Bf1 Qd6 16. h4 Rfd8 17. h5 h6 18. e5 Qb4 19. Qe3 Ne7 20. a3 Qa4 21. Bd3 Kf8 22. Be4 Bxe4 23. Qxe4 Kg8 24. Rd3 Qc2 25. g4 Rc3 26. Rxc3 Qxc3 27. Re3 Qc6 28. Kg2 Qxe4 29. Rxe4 Nd5 30. Kg3 Rc8 31. Re2 b5 32. Rb2 a6 33. Rb3 Rc4 34. Rd3 Kf8 35. Nd2 Rc3 36. Rxc3 Nxc3 37. Kf3 Ke7 38. Nb3 Nb1 39. Nc5 a5 40. a4 b4 41. Ke3 Nc3 42. Kd3 g6 43. Kc4 g5 44. f3 f6 45. exf6+ Kxf6 46. Ne4+ Nxe4 47. fxe4 Ke7 48. Kd3 Kd7 49. Kc4 Kc6 50. Kb3 Kd6 51. Kc4 Kc6 52. Kb3 Kd7 53. Kc4 Kd6 54. Kd3 Kc6 55. Kc4 Kd7 56. Kd3 Ke8 57. Kc4 Ke7 58. Kb3 Kd8 59. Kc4 Kc7 60. Kd3 Kd6 61. Kc4 Kc6 1/2-1/2

[Event "Abu Dhabi Masters Online"]
[Site "Chess.com INT"]
[Date "2024.08.21"]
[Round "6"]
[White "Raicevic, Vladimir"]
[Black "Smieszek, Wojciech"]
[Result "1-0"]
[WhiteElo "2372"]
[BlackElo "2088"]
[PlyCount "89"]
[EventDate "2024.08.21"]
[EventType "swiss (blitz)"]
[EventRounds "11"]
[EventCountry "UAE"]
[SourceTitle "CBM 221 Extra"]
[Source "ChessBase"]
[SourceDate "2024.09.30"]
[SourceVersion "1"]
[SourceVersionDate "2024.09.30"]
[SourceQuality "1"]

1. d4 Nf6 2. c4 c5 3. d5 e6 4. Nc3 exd5 5. cxd5 d6 6. e4 g6 7. f4 Bg7 8. Nf3 0-0 9. Bd3 b5 10. 0-0 b4 11. Nb1 Re8 12. Nbd2 Bg4 13. h3 Bxf3 14. Qxf3 Nbd7 15. Rb1 Rc8 16. b3 a5 17. Bb2 a4 18. Nc4 Nb6 19. Rbd1 Nxc4 20. Bxc4 axb3 21. e5 Nd7 22. axb3 Ra8 23. Rd2 Ra2 24. Rff2 Qe7 25. exd6 Qxd6 26. Bxg7 Rxd2 27. Rxd2 Kxg7 28. Rf2 Nb6 29. Qd3 f5 30. g3 Re4 31. Re2 Qe7 32. d6 Qe8 33. Bb5 Qe6 34. d7 Rxe2 35. d8Q Re3 36. Qxb6 Qxb6 37. Qxe3 Qxb5 38. Qe7+ Kg8 39. Qe6+ Kf8 40. Qf6+ Ke8 41. Qh8+ Kd7 42. Qxh7+ Kc8 43. Qxg6 c4 44. bxc4 Qc5+ 45. Kf1 1-0

[Event "Titled Tuesday intern op 30th Jul Early"]
[Site "Chess.com INT"]
[Date "2024.07.30"]
[Round "1"]
[White "Raicevic, Vladimir"]
[Black "Djokic, Mihailo"]
[Result "1-0"]
[WhiteElo "2372"]
[BlackElo "2158"]
[PlyCount "105"]
[EventDate "2024.07.30"]
[EventType "swiss (blitz)"]
[EventRounds "11"]
[EventCountry "USA"]
[SourceTitle "EXT 2025"]
[Source "ChessBase"]
[SourceDate "2024.10.14"]
[SourceVersion "1"]
[SourceVersionDate "2024.10.14"]
[SourceQuality "1"]

1. d4 Nf6 2. c4 e6 3. Nc3 d5 4. cxd5 exd5 5. Bg5 Be7 6. e3 c6 7. Bd3 0-0 8. Qc2 Nbd7 9. Nf3 Re8 10. 0-0 h6 11. Bh4 Ne4 12. Bg3 a5 13. Nxe4 dxe4 14. Bxe4 Nf6 15. Bd3 a4 16. Rab1 Qa5 17. Rfc1 Qd8 18. Ne5 Be6 19. Bc4 Nd5 20. e4 Nb4 21. Qd2 Nxa2 22. Bxe6 fxe6 23. Rc4 Qa5 24. Qf4 Rf8 25. Qg4 Rf6 26. Bh4 g5 27. f4 Qd2 28. fxg5 Qe3+ 29. Kh1 Rf4 30. Qxe6+ Kf8 31. Ng6+ Kg7 32. gxh6+ Kh7 33. Nxe7 Qxe4 34. Qxe4+ Rxe4 35. Bg5 Ra5 36. h4 Re2 37. d5 Rb5 38. Rf4 Rxe7 39. Bxe7 Nc3 40. Re1 Nxd5 41. Rg4 Rxb2 42. Re6 Rf2 43. Rg7+ Kh8 44. Bd6 Nf6 45. Ree7 a3 46. Rxb7 Ne8 47. Rge7 Rf1+ 48. Kh2 Rf8 49. Rh7+ Kg8 50. Bxf8 a2 51. Rhg7+ Nxg7 52. Rxg7+ Kxf8 53. Ra7 1-0

[Event "Titled Tuesday intern op 30th Jul Early"]
[Site "Chess.com INT"]
[Date "2024.07.30"]
[Round "9"]
[White "Raicevic, Vladimir"]
[Black "Sipila, Vilka"]
[Result "0-1"]
[WhiteElo "2372"]
[BlackElo "2450"]
[PlyCount "78"]
[EventDate "2024.07.30"]
[EventType "swiss (blitz)"]
[EventRounds "11"]
[EventCountry "USA"]
[SourceTitle "EXT 2025"]
[Source "ChessBase"]
[SourceDate "2024.10.14"]
[SourceVersion "1"]
[SourceVersionDate "2024.10.14"]
[SourceQuality "1"]

1. d4 Nf6 2. c4 g6 3. Nc3 Bg7 4. e4 d6 5. f3 0-0 6. Be3 c5 7. dxc5 dxc5 8. Qxd8 Rxd8 9. Bxc5 Nc6 10. Nge2 Nd7 11. Ba3 Nde5 12. Ng3 Be6 13. Nd5 Rac8 14. 0-0-0 b5 15. cxb5 Nb4+ 16. Kb1 Nxd5 17. exd5 Bxd5 18. Be2 e6 19. b3 f5 20. Bb2 h5 21. f4 Ng4 22. Bxg4 hxg4 23. Rd2 Rb8 24. Bxg7 Kxg7 25. Nf1 Rxb5 26. Kb2 Rb4 27. Ne3 Rxf4 28. Nxd5 Rxd5 29. Rxd5 exd5 30. Rc1 Kf6 31. Rc2 d4 32. Re2 Rf1 33. b4 f4 34. Re4 Rf2+ 35. Kb3 d3 36. Rd4 Ke5 37. Rxd3 Rxg2 38. Rd7 Rxh2 39. Rb7 g3 0-1

[Event "Titled Tuesday intern op 12th Mar Early"]
[Site "Chess.com INT"]
[Date "2024.03.12"]
[Round "8"]
[White "Raicevic, Vladimir"]
[Black "Koridze, Lile"]
[Result "0-1"]
[WhiteElo "2372"]
[BlackElo "2121"]
[PlyCount "42"]
[EventDate "2024.03.12"]
[EventType "swiss (blitz)"]
[EventRounds "11"]
[EventCountry "USA"]
[SourceTitle "CBM 219 Extra"]
[Source "ChessBase"]
[SourceDate "2024.05.31"]
[SourceVersion "1"]
[SourceVersionDate "2024.05.31"]
[SourceQuality "1"]

1. d4 Nf6 2. c4 e6 3. Nc3 Bb4 4. f3 0-0 5. e4 d6 6. Nge2 c5 7. Be3 cxd4 8. Nxd4 d5 9. e5 Nfd7 10. f4 dxc4 11. Bxc4 Qe7 12. 0-0 Nb6 13. Bd3 Rd8 14. Qh5 h6 15. f5 exf5 16. Bxf5 Bc5 17. Rad1 Nc6 18. Ne4 Bxd4 19. Bxd4 Nxd4 20. Nf6+ gxf6 21. Qxh6 Nxf5 0-1

[Event "Belgrade Premier League"]
[Site "Belgrade"]
[Date "2021.10.02"]
[Round "2.5"]
[White "Radojicic, Aleksandar M"]
[Black "Raicevic, Vladimir"]
[Result "1-0"]
[WhiteElo "2036"]
[BlackElo "2381"]
[PlyCount "61"]
[EventDate "2021.10.01"]
[EventType "team-tourn"]
[EventRounds "11"]
[EventCountry "SRB"]
[SourceTitle "CBM 204 Extra"]
[Source "ChessBase"]
[SourceDate "2021.11.30"]
[SourceVersion "1"]
[SourceVersionDate "2021.11.30"]
[SourceQuality "1"]
[WhiteTeam "Grocka"]
[BlackTeam "Belgrade Radnicki"]
[WhiteTeamCountry "SRB"]
[BlackTeamCountry "SRB"]

1. d4 d5 2. Nc3 Nf6 3. Bf4 e6 4. Nb5 Bb4+ 5. c3 Ba5 6. a4 a6 7. b4 axb5 8. axb5 b6 9. bxa5 bxa5 10. Nf3 Nbd7 11. e3 Nb6 12. Ne5 Bb7 13. Bd3 h6 14. h4 Qe7 15. Qf3 Ra7 16. g4 Nc4 17. g5 hxg5 18. hxg5 Rxh1+ 19. Qxh1 Nd7 20. Qh8+ Qf8 21. Qxf8+ Nxf8 22. Bxc4 dxc4 23. Nxc4 Kd7 24. Rxa5 Rxa5 25. Nxa5 Bf3 26. Nb3 Bd5 27. Nd2 f6 28. c4 Ba8 29. gxf6 gxf6 30. Nb3 Ng6 31. Nc5+ 1-0

[Event "Belgrade-chT Quality"]
[Site "Belgrade"]
[Date "2011.10.30"]
[Round "6"]
[White "Milekic, Daniel"]
[Black "Raicevic, Vladimir"]
[Result "1-0"]
[WhiteElo "2206"]
[BlackElo "2397"]
[PlyCount "75"]
[EventDate "2011.10.15"]
[EventType "team-swiss"]
[EventRounds "11"]
[EventCountry "SRB"]
[SourceTitle "EXT 2012"]
[Source "ChessBase"]
[SourceDate "2011.11.24"]
[SourceVersion "1"]
[SourceVersionDate "2011.11.24"]
[SourceQuality "1"]

1. d4 d5 2. c4 e6 3. Nc3 Nf6 4. cxd5 exd5 5. Bg5 c6 6. Qc2 Be7 7. e3 Nbd7 8. Bd3 Nh5 9. Bxe7 Qxe7 10. Nge2 Ndf6 11. h3 g6 12. 0-0-0 Ng7 13. Ng3 h5 14. Rhe1 h4 15. e4 Be6 16. Nf5 gxf5 17. exf5 0-0-0 18. fxe6 fxe6 19. Kb1 Kb8 20. Na4 Nd7 21. Be2 Rdf8 22. Bg4 Rf6 23. Re2 Nh5 24. Re3 Nf4 25. f3 Qh7 26. Rd2 Kc7 27. Nc3 Qxc2+ 28. Kxc2 Kd6 29. Kd1 Nb6 30. b3 Nc8 31. Ke1 Ne7 32. Kf2 Nf5 33. Re1 Ng3 34. Na4 b6 35. Nb2 Rg8 36. Kg1 Rg5 37. b4 e5 38. dxe5+ 1-0

[Event "Belgrade-chT Quality"]
[Site "Belgrade"]
[Date "2011.10.22"]
[Round "3"]
[White "Raicevic, Vladimir"]
[Black "Karanovic, Radoslav"]
[Result "1-0"]
[WhiteElo "2397"]
[BlackElo "2246"]
[PlyCount "58"]
[EventDate "2011.10.15"]
[EventType "team-swiss"]
[EventRounds "11"]
[EventCountry "SRB"]
[SourceTitle "EXT 2012"]
[Source "ChessBase"]
[SourceDate "2011.11.24"]
[SourceVersion "1"]
[SourceVersionDate "2011.11.24"]
[SourceQuality "1"]

1. d4 d5 2. c4 dxc4 3. e4 e5 4. Nf3 exd4 5. Bxc4 Bb4+ 6. Bd2 Bxd2+ 7. Nbxd2 Nf6 8. e5 Ng4 9. h3 Nh6 10. 0-0 0-0 11. Nb3 Nf5 12. Nbxd4 Qe7 13. Re1 Nxd4 14. Qxd4 Nc6 15. Qe4 Be6 16. Bb5 Rad8 17. Bxc6 bxc6 18. Qxc6 Bd5 19. Qc3 h6 20. Rac1 c6 21. b3 Rfe8 22. Re3 Bxf3 23. Rxf3 Rd5 24. Re3 c5 25. g3 Qe6 26. h4 Red8 27. Ree1 Qg4 28. Qe3 Rd2 29. Rc4 R8d4 1-0

[Event "SRB-chT"]
[Site "Belgrade"]
[Date "2010.10.07"]
[Round "7"]
[White "Raicevic, Vladimir"]
[Black "Lecic, Predrag"]
[Result "1/2-1/2"]
[WhiteElo "2403"]
[BlackElo "2156"]
[PlyCount "59"]
[EventDate "2010.10.01"]
[EventType "team-tourn"]
[EventRounds "11"]
[EventCountry "YUG"]
[SourceTitle "CBM 138 Extra"]
[Source "ChessBase"]
[SourceDate "2010.10.29"]
[SourceVersion "1"]
[SourceVersionDate "2010.10.29"]
[SourceQuality "1"]

1. d4 Nf6 2. c4 g6 3. Nc3 Bg7 4. e4 d6 5. f3 0-0 6. Be3 c6 7. Nge2 a6 8. c5 Nbd7 9. Na4 b5 10. cxb6 Nxb6 11. Rc1 Nxa4 12. Qxa4 Bd7 13. Qa3 Ne8 14. h4 Nc7 15. h5 Qb8 16. hxg6 hxg6 17. Qa5 Ne6 18. Qd2 Rc8 19. Nf4 Nxf4 20. Bxf4 c5 21. Rxc5 Rxc5 22. dxc5 Qxb2 23. Qxb2 Bxb2 24. cxd6 exd6 25. Bxd6 Be6 26. a3 Rc8 27. g4 Rc2 28. Rh2 Rc1+ 29. Kf2 Bd4+ 30. Kg2 1/2-1/2

[Event "Boskovic Memorial"]
[Site "Belgrade"]
[Date "2009.10.01"]
[Round "2.2"]
[White "Raicevic, Vladimir"]
[Black "Abramovic, Bosko"]
[Result "0-1"]
[WhiteElo "2401"]
[BlackElo "2471"]
[PlyCount "37"]
[EventDate "2009.09.30"]
[EventType "k.o."]
[EventRounds "7"]
[EventCountry "YUG"]
[SourceTitle "CBM 132 Extra"]
[Source "ChessBase"]
[SourceDate "2009.11.03"]
[SourceVersion "1"]
[SourceVersionDate "2009.11.03"]
[SourceQuality "1"]

1. d4 d5 2. c4 e6 3. Nc3 Be7 4. Nf3 Nf6 5. Bg5 h6 6. Bh4 0-0 7. e3 b6 8. Rc1 Bb7 9. Bxf6 Bxf6 10. cxd5 exd5 11. b4 c6 12. Qb3 Re8 13. Bd3 Nd7 14. 0-0 Nf8 15. Rfd1 Ne6 16. Bf1 Rc8 17. g3 Rc7 18. Bg2 Rd7 19. Bf1 0-1

[Event "SRB-chT2"]
[Site "Golubac"]
[Date "2008.09.21"]
[Round "2"]
[White "Milanovic, Danilo"]
[Black "Raicevic, Vladimir"]
[Result "1-0"]
[WhiteElo "2529"]
[BlackElo "2089"]
[PlyCount "120"]
[EventDate "2008.09.20"]
[EventType "tourn"]
[EventRounds "11"]
[EventCountry "YUG"]
[SourceTitle "EXT 2010"]
[Source "ChessBase"]
[SourceDate "2010.11.25"]
[SourceVersion "1"]
[SourceVersionDate "2010.11.25"]
[SourceQuality "1"]

1. d4 d5 2. c4 e6 3. Nc3 Nf6 4. cxd5 exd5 5. Bg5 c6 6. e3 Be7 7. Bd3 Nbd7 8. Nge2 0-0 9. Qc2 Re8 10. 0-0-0 Nf8 11. h3 a6 12. g4 Be6 13. Kb1 Ne4 14. Bxe7 Nxc3+ 15. Qxc3 Qxe7 16. Nf4 Qh4 17. Qc2 Ng6 18. Bxg6 hxg6 19. Rdg1 Re7 20. Ka1 Rae8 21. Rg3 g5 22. Ng2 Qh7 23. Qd1 f6 24. h4 Qg6 25. hxg5 fxg5 26. Ne1 Qf6 27. Nd3 Bf7 28. Rf3 Qd6 29. Rfh3 Bg6 30. Ne5 Rxe5 31. dxe5 Qxe5 32. Qf3 Qf6 33. Rh8+ Kf7 34. Qxf6+ gxf6 35. Rxe8 Kxe8 36. b4 Bd3 37. Rh8+ Kd7 38. Rf8 Ke6 39. Rb8 b5 40. Rb6 Kd6 41. Rxa6 Be2 42. Kb2 Bxg4 43. Kc3 Bc8 44. Ra7 Bg4 45. Kd4 Bf5 46. Ra8 Bb1 47. a3 Be4 48. Rf8 Ke7 49. Rh8 Kd6 50. Rh6 Ke6 51. Kc5 Ke5 52. Rh8 Bd3 53. Re8+ Kf5 54. Rf8 Be4 55. Kd6 Kg6 56. Ke6 f5 57. Rh8 d4 58. exd4 Bd5+ 59. Ke5 f4 60. Rc8 Bg2 1-0

[Event "SRB-chT2 East"]
[Site "Serbia"]
[Date "2006.10.27"]
[Round "8.5"]
[White "Petkovic, Dragoslav"]
[Black "Raicevic, Vladimir"]
[Result "0-1"]
[WhiteElo "2305"]
[BlackElo "2446"]
[PlyCount "97"]
[EventDate "2006.09.09"]
[EventType "team"]
[EventRounds "11"]
[EventCountry "SRB"]
[SourceTitle "EXT 2012"]
[Source "ChessBase"]
[SourceDate "2011.11.24"]
[SourceVersion "1"]
[SourceVersionDate "2011.11.24"]
[SourceQuality "1"]

1. e4 e6 2. d3 d5 3. Nd2 c5 4. Ngf3 Nf6 5. g3 b6 6. Bg2 Bb7 7. e5 Nfd7 8. 0-0 Nc6 9. Re1 Be7 10. h4 h6 11. c3 g5 12. hxg5 hxg5 13. Nf1 g4 14. N3h2 Ndxe5 15. Nxg4 Nxg4 16. Qxg4 Qd7 17. a3 0-0-0 18. d4 Rdg8 19. Qf3 Rg7 20. Be3 Rgh7 21. b4 c4 22. Bf4 Bd6 23. Bxd6 Qxd6 24. Ne3 f5 25. Nf1 Nd8 26. Qe3 Rh6 27. Qe5 Qd7 28. Qf4 Qg7 29. Qe5 Qg6 30. Qf4 Nf7 31. Nd2 Ng5 32. Kf1 Ne4 33. Nxe4 dxe4 34. Ke2 Qh5+ 35. g4 Qh2 36. Qxh2 Rxh2 37. Rh1 f4 38. Rxh2 Rxh2 39. Bh1 Kd8 40. Re1 Ke7 41. Kd1 f3 42. Kd2 Rxf2+ 43. Ke3 Rc2 44. Kf4 Bd5 45. g5 Kf7 46. Rxe4 Bxe4 47. Kxe4 f2 48. Bg2 Rxc3 49. a4 0-1

[Event "SRB-chT2 East"]
[Site "Serbia"]
[Date "2006.10.14"]
[Round "6.1"]
[White "Petrovic, Dragan"]
[Black "Raicevic, Vladimir"]
[Result "1-0"]
[WhiteElo "2102"]
[BlackElo "2446"]
[PlyCount "43"]
[EventDate "2006.09.09"]
[EventType "team"]
[EventRounds "11"]
[EventCountry "SRB"]
[SourceTitle "EXT 2012"]
[Source "ChessBase"]
[SourceDate "2011.11.24"]
[SourceVersion "1"]
[SourceVersionDate "2011.11.24"]
[SourceQuality "1"]

1. d4 d5 2. c4 e6 3. Nc3 c6 4. cxd5 exd5 5. Bf4 Bf5 6. e3 Qb6 7. Qd2 Nf6 8. a3 Nbd7 9. Nf3 Be7 10. Be2 0-0 11. 0-0 Rfe8 12. h3 Qd8 13. Rfd1 Nf8 14. Ne5 Bd6 15. b4 a6 16. Nd3 Bxd3 17. Bxd3 Bxf4 18. exf4 Qd6 19. g3 N8d7 20. Re1 b5 21. Re5 Qf8 22. Rae1 1-0

[Event "Boskovic Memorial op 7th"]
[Site "Belgrade"]
[Date "2006.10.07"]
[Round "6"]
[White "Raicevic, Vladimir"]
[Black "Vuckovic, Bojan"]
[Result "0-1"]
[WhiteElo "2446"]
[BlackElo "2544"]
[PlyCount "88"]
[EventDate "2006.10.02"]
[EventType "swiss"]
[EventRounds "9"]
[EventCountry "YUG"]
[SourceTitle "CBM 114 Extra"]
[Source "ChessBase"]
[SourceDate "2006.11.03"]
[SourceVersion "1"]
[SourceVersionDate "2006.11.03"]
[SourceQuality "1"]

1. d4 Nf6 2. Nf3 c5 3. c3 b6 4. Bf4 Bb7 5. e3 g6 6. h3 Bg7 7. Be2 0-0 8. 0-0 d6 9. Bh2 Nbd7 10. Re1 Rc8 11. Nbd2 Qc7 12. a4 a6 13. Bd3 Qb8 14. Qe2 Qa8 15. e4 cxd4 16. cxd4 Ne8 17. b4 Nc7 18. Rac1 a5 19. b5 Ne6 20. Nb3 d5 21. e5 Bh6 22. Nfd2 Rxc1 23. Rxc1 Rc8 24. Qd1 f6 25. exf6 exf6 26. Rc2 Rxc2 27. Qxc2 Qf8 28. Nf3 Qa3 29. Nbd2 Bxd2 30. Nxd2 Qa1+ 31. Bf1 Qxd4 32. Nf3 Qb4 33. Bd3 Kf7 34. Qd1 Ndc5 35. Bc2 d4 36. Ne1 Be4 37. Bxe4 Nxe4 38. Nd3 Qc3 39. Bb8 N4c5 40. Nxc5 Nxc5 41. Bd6 Ne4 42. Bf4 d3 43. Qf3 Qe1+ 44. Kh2 Qe2 0-1

[Event "SRB-chT2 East"]
[Site "Serbia"]
[Date "2006.09.30"]
[Round "4.5"]
[White "Raicevic, Vladimir"]
[Black "Markovic, Milan"]
[Result "1-0"]
[WhiteElo "2446"]
[BlackElo "2323"]
[PlyCount "63"]
[EventDate "2006.09.09"]
[EventType "team"]
[EventRounds "11"]
[EventCountry "SRB"]
[SourceTitle "EXT 2012"]
[Source "ChessBase"]
[SourceDate "2011.11.24"]
[SourceVersion "1"]
[SourceVersionDate "2011.11.24"]
[SourceQuality "1"]

1. d4 Nf6 2. Nf3 g6 3. c4 c5 4. Nc3 cxd4 5. Nxd4 Nc6 6. e4 Bg7 7. Be3 0-0 8. Be2 b6 9. 0-0 Bb7 10. f4 d6 11. Bf3 Rc8 12. b3 Re8 13. e5 dxe5 14. fxe5 Nxe5 15. Bxb7 Neg4 16. Bf4 Rc7 17. Bf3 Rd7 18. Nd5 Nxd5 19. cxd5 Rxd5 20. Bxd5 Qxd5 21. Qxg4 Bxd4+ 22. Kh1 Bxa1 23. Rxa1 Qd4 24. Rd1 Qe4 25. Qd7 Ra8 26. Bg3 e6 27. h3 a5 28. Rf1 f5 29. Re1 Qd5 30. Bd6 f4 31. Rxe6 Qf5 32. Be5 1-0

[Event "SRB-chT2 East"]
[Site "Serbia"]
[Date "2006.09.23"]
[Round "3.6"]
[White "Raicevic, Vladimir"]
[Black "Mitrovic, Darko R"]
[Result "0-1"]
[WhiteElo "2446"]
[BlackElo "2329"]
[PlyCount "100"]
[EventDate "2006.09.09"]
[EventType "team"]
[EventRounds "11"]
[EventCountry "SRB"]
[SourceTitle "EXT 2012"]
[Source "ChessBase"]
[SourceDate "2011.11.24"]
[SourceVersion "1"]
[SourceVersionDate "2011.11.24"]
[SourceQuality "1"]

1. d4 Nf6 2. c4 e6 3. Nf3 b6 4. g3 Bb4+ 5. Bd2 Bxd2+ 6. Qxd2 Bb7 7. Bg2 0-0 8. 0-0 d6 9. Nc3 Ne4 10. Qc2 Nxc3 11. Qxc3 Nd7 12. Rfd1 Qe7 13. b4 c5 14. dxc5 bxc5 15. Qd2 cxb4 16. Qxd6 Qxd6 17. Rxd6 Nc5 18. Rad1 Bxf3 19. Bxf3 Rab8 20. Bc6 Rfc8 21. f3 Kf8 22. Kf2 Ke7 23. Bb5 Rd8 24. Rxd8 Rxd8 25. Rxd8 Kxd8 26. Ke3 e5 27. Bc6 Ke7 28. Bd5 f6 29. Bg8 h6 30. Bh7 a5 31. Bc2 Kd6 32. h4 a4 33. Kd2 a3 34. Kc1 Nb7 35. Bg6 Kc5 36. Kc2 Kxc4 37. Bf7+ Kc5 38. h5 Nd6 39. Bg6 Nb5 40. Bd3 Nd4+ 41. Kb1 b3 42. axb3 Nxb3 43. Ba6 Nd4 44. Ka2 Kb4 45. g4 Ne6 46. Bd3 Nf4 47. Ba6 Nd5 48. Bd3 Nc3+ 49. Ka1 Kb3 50. Ba6 Nd5 0-1